000 00814nam a2200277Ia 4500
001 924
003 GE_BSU
008 181216s||||||||xx |||||||||||||| ||und||
020 _a5060037207
040 _cGE_BSU
080 _a557.1(075.8)
100 _aКнорре,Д.Г.;Мызина,С.Д.
245 _aБиологическая химия
245 _bУч-к для студ.химических и биологических спец.
250 _a3-е изд,испр.
260 _aМосква
260 _bВысшая школа
260 _c2003
300 _a479стр.
541 _h90л.
653 _aБиологическая химия
653 _aХимия
653 _aბიოლოგია
653 _aბიოლოგიური ქიმია
942 _cBK
999 _c35083
_d35083